Statistics for Linkin Park: One Step Closer Lyrics

Click here to take the quiz!

General Stats

  • This quiz has been taken 136 times
  • The average score is 25 of 29

Answer Stats

LyricsMissing Lyrics% Correct
*Chorus End**Chorus End*
95%
*Chorus Start**Chorus Start*
95%
*Chorus x2**Chorus x2*
95%
*Chorus x2**Chorus x2*
95%
'Cause I'm one step closer to the ____,edge
94%
takes me one step closer to the ____,edge
94%
I cannot ____ ____ anymore.take this
94%
I'm saying everything I've ____ ______.said before
93%
Just like ______.before
92%
Just like ______.before
92%
____ __. I'm about to break.Shut up
92%
____ __, shut up, shut up.Shut up
92%
____ __ when I'm talking to you.Shut up
92%
____ __, shut up, shut up.Shut up
92%
____ __ when I'm talking to you.Shut up
92%
and I'm _____ __ _____.about to break
90%
and I'm _____ __ _____.about to break
90%
Everything you ___ __ __say to me
89%
Wish I could find a way to _________.disappear
87%
I find the _______ aren't so clear.answers
83%
All these _____, they make no sense.words
83%
____ ___ ____ again.Over and over
81%
Nothing seems to __ ____.go away
78%
I need a little room to _______.breathe
77%
All these ________, they make no sense.thoughts
76%
I find _____ __ _________.bliss in ignorance
72%
I find _____ __ _________.bliss in ignorance
72%
But you'll ____ ____ ___ anyway.find that out
63%
____ _ ____ the less you'll say.Less I hear
62%

Score Distribution

Percentile by Number Answered

Percent of People with Each Score

Your Score History

You have not taken this quiz